The Oxford Companion to Pakistani History (Record no. 321319)

000 -LEADER
fixed length control field 00391 a2200145 4500
001 - CONTROL NUMBER
control field 86246
003 - CONTROL NUMBER IDENTIFIER
control field NUST
005 - DATE AND TIME OF LATEST TRANSACTION
control field 20180122101421.0
008 - FIXED-LENGTH DATA ELEMENTS--GENERAL INFORMATION
fixed length control field 180122b xxu||||| |||| 00| 0 eng d
020 ## - INTERNATIONAL STANDARD BOOK NUMBER
International Standard Book Number 9780195475784
082 ## - DEWEY DECIMAL CLASSIFICATION NUMBER
Classification number 954.91 JAL
100 ## - MAIN ENTRY--PERSONAL NAME
Personal name Ayesha Jalal
9 (RLIN) 9441
245 ## - TITLE STATEMENT
Title The Oxford Companion to Pakistani History
Statement of responsibility, etc. Ayesha Jalal
260 ## - PUBLICATION, DISTRIBUTION, ETC.
Place of publication, distribution, etc. Karachi
Name of publisher, distributor, etc. Oxford Ubiversity Press
Date of publication, distribution, etc. 2012.
300 ## - PHYSICAL DESCRIPTION
Extent xvi 556p.
500 ## - GENERAL NOTE
General note General Collection
942 ## - ADDED ENTRY ELEMENTS (KOHA)
Institution code [OBSOLETE] CAE NUST
Koha item type Book
Call number prefix 954.91 JAL
Source of classification or shelving scheme
Holdings
Withdrawn status Lost status Damaged status Not for loan Collection code Permanent Location Current Location Date acquired Total Checkouts Full call number Barcode Date last seen Price effective from Koha item type
          College of Aeronautical Engineering (CAE) College of Aeronautical Engineering (CAE) 04/03/2017   954.91 JAL CAE85202 04/05/2017 04/05/2017 Book
© 2023 Central Library, National University of Sciences and Technology. All Rights Reserved.